Loading...
History - Other History | 0 | 4 | 0 | 1 | 40 | 76 | 95.75 | 0 | 0 |
Current Events | 0 | 3 | 0 | 0 | 30 | 47 | 68.67 | 0 | 1 |
History - American History | 0 | 3 | 0 | 1 | 30 | 54 | 76.00 | 0 | 1 |
History - World History | 0 | 3 | 0 | 2 | 30 | 40 | 92.00 | 0 | 0 |
Science - Biology | 0 | 3 | 0 | 1 | 30 | 43 | 74.33 | 0 | 1 |
History - European History | 0 | 3 | 1 | 1 | 25 | 45 | 69.33 | 2 | 2 |
Geography | 0 | 2 | 0 | 1 | 20 | 80 | 94.50 | 0 | 0 |
Science - Chemistry | 0 | 1 | 0 | 1 | 10 | 100 | 100.00 | 0 | 0 |
Fine Arts - Other Fine Arts | 0 | 1 | 0 | 1 | 10 | 124 | 124.00 | 0 | 0 |
Mythology | 0 | 1 | 0 | 0 | 10 | 121 | 121.00 | 0 | 0 |
Fine Arts - Classical Music | 0 | 1 | 0 | 0 | 10 | 71 | 71.00 | 0 | 1 |
Painting/Sculpture | 0 | 1 | 2 | 0 | 0 | 100 | 100.00 | 0 | 0 |